[Event "COL Subzt 2.3.4"]
[Site "Risarald"]
[Date "2021.11.26"]
[Round "6"]
[White "Cordoba Roa, Angel Gabriel"]
[Black "Cely, Juan Carlos"]
[Result "0-1"]
[WhiteElo "2145"]
[BlackElo "1883"]
[PlyCount "140"]
[EventDate "2021.11.23"]
[EventType "swiss"]
[EventRounds "9"]
[EventCountry "COL"]
[SourceTitle "CBM 205 Extra"]
[Source "ChessBase"]
[SourceDate "2022.01.31"]
[SourceVersion "1"]
[SourceVersionDate "2022.01.31"]
[SourceQuality "1"]

1. e4 d5 2. exd5 Qxd5 3. d4 Nc6 4. Be3 Bf5 5. Nc3 Qd7 6. Bc4 e6 7. Nge2 Nf6 8. f3 Nb4 9. Bb3 Nbd5 10. Bf2 c6 11. 0-0 Bd6 12. Qd2 Qc7 13. Ng3 Bg6 14. Rfe1 0-0 15. Nce4 Bf4 16. Qe2 b5 17. a4 Rfb8 18. a5 b4 19. Bc4 Rd8 20. Nf1 Nxe4 21. fxe4 Nf6 22. e5 Bh5 23. Qd3 Nd5 24. Qh3 Bg6 25. Qf3 Bg5 26. h4 Be7 27. Re2 h6 28. h5 Bh7 29. Nh2 c5 30. Rf1 cxd4 31. Bb3 Bc5 32. Ng4 Bf5 33. Kh1 Bxg4 34. Qxg4 Ne3 35. Bxe3 dxe3 36. Rxf7 Rd1+ 37. Kh2 Qxe5+ 38. Rf4 Qxf4+ 39. Qxf4 Bd6 40. Qxd6 Rxd6 41. Rxe3 Kf7 42. Bc4 Rc8 43. b3 Rc5 44. g4 Rxa5 45. Kg3 Ke7 46. Kf4 Rd4+ 47. Kf3 e5 48. Bd3 Rc5 49. Kg3 Kd6 50. Kh4 a5 51. Bg6 Rc3 52. Re1 Rd2 53. Bd3 Rdxd3 54. cxd3 Rxb3 55. g5 hxg5+ 56. Kxg5 Rxd3 57. Rg1 Rh3 58. Rd1+ Kc6 59. Re1 b3 60. Rxe5 b2 61. Re6+ Kb5 62. Re8 Ka4 63. Rb8 Rb3 64. Rxb3 Kxb3 65. Kg6 b1Q+ 66. Kxg7 a4 67. h6 a3 68. h7 Qxh7+ 69. Kxh7 a2 70. Kg6 a1Q 0-1

[Event "COL Subzt 2.3.4"]
[Site "Risarald"]
[Date "2021.11.23"]
[Round "1"]
[White "Cely, Juan Carlos"]
[Black "Cuervo Velasquez, Juan Manuel"]
[Result "0-1"]
[WhiteElo "1883"]
[BlackElo "1392"]
[PlyCount "64"]
[EventDate "2021.11.23"]
[EventType "swiss"]
[EventRounds "9"]
[EventCountry "COL"]
[SourceTitle "CBM 205 Extra"]
[Source "ChessBase"]
[SourceDate "2022.01.31"]
[SourceVersion "1"]
[SourceVersionDate "2022.01.31"]
[SourceQuality "1"]

1. e4 c5 2. Nf3 d6 3. Nc3 Nf6 4. d4 cxd4 5. Nxd4 a6 6. Be2 e5 7. Nb3 Be6 8. Be3 Nbd7 9. Qd2 Be7 10. f3 Nb6 11. 0-0 Rc8 12. Rfd1 d5 13. exd5 Nbxd5 14. Nxd5 Nxd5 15. Bf2 Qc7 16. c3 0-0 17. Bd3 Nf4 18. Bc2 Bc4 19. Qe1 Kh8 20. Be3 Bg5 21. Qf2 f5 22. Kh1 e4 23. fxe4 fxe4 24. Qg3 Qe7 25. Nd4 Bh4 26. Qg4 h5 27. Nf5 hxg4 28. Nxe7 Bxe7 29. Rd7 Bc5 30. Bxc5 Rxc5 31. Bxe4 b5 32. Rd6 Re5 0-1

[Event "Ibague op"]
[Site "Ibague"]
[Date "2021.10.20"]
[Round "1"]
[White "Lopez Mahecha, Natalia"]
[Black "Cely, Juan Carlos"]
[Result "0-1"]
[WhiteElo "1094"]
[BlackElo "1877"]
[PlyCount "29"]
[EventDate "2021.10.20"]
[EventType "swiss"]
[EventRounds "9"]
[EventCountry "COL"]
[SourceTitle "CBM 204 Extra"]
[Source "ChessBase"]
[SourceDate "2021.11.30"]
[SourceVersion "1"]
[SourceVersionDate "2021.11.30"]
[SourceQuality "1"]

1. e4 d5 2. exd5 Qxd5 3. Nc3 Qa5 4. Nf3 Nf6 5. Be2 Bf5 6. d4 c6 7. 0-0 e6 8. Bd3 Bg4 9. h3 Bh5 10. Bd2 Qc7 11. a3 Be7 12. Be2 0-0 13. Bg5 Nbd7 14. Bd3 Bg6 15. Bxg6 0-1

[Event "COL pre olympic sf2"]
[Site "Palmira"]
[Date "2019.06.01"]
[Round "6"]
[White "Cely, Juan Carlos"]
[Black "Cayon, Diego Mauricio"]
[Result "1/2-1/2"]
[WhiteElo "1875"]
[BlackElo "2111"]
[PlyCount "29"]
[EventDate "2019.05.29"]
[EventType "swiss"]
[EventRounds "10"]
[EventCountry "COL"]
[SourceTitle "CBM 190 Extra"]
[Source "ChessBase"]
[SourceDate "2019.07.15"]
[SourceVersion "1"]
[SourceVersionDate "2019.07.15"]
[SourceQuality "1"]

1. d4 d6 2. e4 Nf6 3. Nc3 e5 4. dxe5 dxe5 5. Qxd8+ Kxd8 6. Bg5 c6 7. Bc4 Be6 8. Bxe6 fxe6 9. 0-0-0+ Kc7 10. Nf3 Nbd7 11. a3 Bc5 12. Bh4 Nh5 13. Rd2 Nb6 14. Nxe5 Bd6 15. Rxd6 1/2-1/2

[Event "COL pre olympic sf2"]
[Site "Palmira"]
[Date "2019.05.31"]
[Round "4"]
[White "Cely, Juan Carlos"]
[Black "Lopez Rayo, Isabella"]
[Result "1-0"]
[WhiteElo "1875"]
[BlackElo "1526"]
[PlyCount "31"]
[EventDate "2019.05.29"]
[EventType "swiss"]
[EventRounds "10"]
[EventCountry "COL"]
[SourceTitle "CBM 190 Extra"]
[Source "ChessBase"]
[SourceDate "2019.07.15"]
[SourceVersion "1"]
[SourceVersionDate "2019.07.15"]
[SourceQuality "1"]

1. d4 Nf6 2. c4 c5 3. d5 e6 4. Nc3 exd5 5. cxd5 d6 6. Nf3 g6 7. Bg5 Bg7 8. e4 0-0 9. Bd3 Re8 10. 0-0 h6 11. Bh4 a6 12. a4 Qc7 13. Qc2 Ng4 14. Bg3 Nd7 15. Rfe1 Nge5 16. Nd2 1-0

[Event "COL pre olympic sf2"]
[Site "Palmira"]
[Date "2019.05.31"]
[Round "5"]
[White "Otalora Pacheco, Carlos Eduardo"]
[Black "Cely, Juan Carlos"]
[Result "1/2-1/2"]
[WhiteElo "2183"]
[BlackElo "1875"]
[PlyCount "64"]
[EventDate "2019.05.29"]
[EventType "swiss"]
[EventRounds "10"]
[EventCountry "COL"]
[SourceTitle "CBM 190 Extra"]
[Source "ChessBase"]
[SourceDate "2019.07.15"]
[SourceVersion "1"]
[SourceVersionDate "2019.07.15"]
[SourceQuality "1"]

1. d4 Nf6 2. Nf3 g6 3. c4 Bg7 4. Nc3 0-0 5. e4 d6 6. Be2 e5 7. 0-0 Nc6 8. d5 Ne7 9. b4 Nh5 10. Re1 f5 11. Ng5 Nf4 12. Bxf4 exf4 13. Rc1 Bh6 14. Nf3 g5 15. Nd4 g4 16. f3 g3 17. Bd3 gxh2+ 18. Kh1 fxe4 19. Bxe4 Bg7 20. Qd3 Bxd4 21. Qxd4 Bf5 22. Bxf5 Rxf5 23. Qe4 Rf7 24. Qe6 Nf5 25. Ne4 Qh4 26. c5 Kf8 27. cxd6 Re8 28. Qxf5 Rxf5 29. dxc7 Rxd5 30. c8Q Rxc8 31. Rxc8+ Rd8 32. Rcc1 Rd7 1/2-1/2

[Event "COL pre olympic sf2"]
[Site "Palmira"]
[Date "2019.05.30"]
[Round "2"]
[White "Cely, Juan Carlos"]
[Black "Lora, Joel Fernando"]
[Result "0-1"]
[WhiteElo "1875"]
[BlackElo "2168"]
[PlyCount "52"]
[EventDate "2019.05.29"]
[EventType "swiss"]
[EventRounds "10"]
[EventCountry "COL"]
[SourceTitle "CBM 190 Extra"]
[Source "ChessBase"]
[SourceDate "2019.07.15"]
[SourceVersion "1"]
[SourceVersionDate "2019.07.15"]
[SourceQuality "1"]

1. e4 e5 2. Nf3 Nc6 3. Bc4 Bc5 4. c3 Nf6 5. d3 a6 6. 0-0 d6 7. b4 Ba7 8. a4 Be6 9. Nbd2 0-0 10. Re1 Re8 11. Ng5 Bxf2+ 12. Kxf2 Ng4+ 13. Kg3 Qxg5 14. Nf3 Qh5 15. h3 Nf6 16. Kf2 d5 17. Bb3 dxe4 18. dxe4 Rad8 19. Qc2 Nd7 20. Bg5 f6 21. g4 Qf7 22. Bxe6 Qxe6 23. Be3 Qc4 24. Nd2 Nxb4 25. Qb1 Qxc3 26. Kf3 Nc2 0-1

[Event "Medellin Easter op"]
[Site "Medellin"]
[Date "2010.04.03"]
[Round "6"]
[White "Cely, Juan Carlos"]
[Black "Marin, Hernan Mauricio"]
[Result "0-1"]
[WhiteElo "2127"]
[BlackElo "1866"]
[PlyCount "98"]
[EventDate "2010.03.31"]
[EventType "swiss"]
[EventRounds "9"]
[EventCountry "COL"]
[SourceTitle "CBM 135 Extra"]
[Source "ChessBase"]
[SourceDate "2010.05.04"]
[SourceVersion "1"]
[SourceVersionDate "2010.05.04"]
[SourceQuality "1"]

1. d4 d5 2. c4 e6 3. Nf3 Nf6 4. Nc3 Be7 5. Bf4 a6 6. e3 Nc6 7. a3 0-0 8. Bd3 dxc4 9. Bxc4 Nd5 10. Nxd5 exd5 11. Bd3 Be6 12. Rc1 Bf6 13. Qc2 h6 14. 0-0 Rc8 15. Bxa6 Nxd4 16. exd4 bxa6 17. Qc6 Ra8 18. Qxc7 Qxc7 19. Rxc7 Rfc8 20. Rfc1 Rxc7 21. Rxc7 Kf8 22. Rb7 Bg4 23. Ne5 Bxe5 24. Bxe5 Be6 25. f3 a5 26. Kf2 h5 27. Ke3 Ke8 28. Kf4 Bc8 29. Rc7 g6 30. g4 hxg4 31. fxg4 Be6 32. h4 Kf8 33. h5 gxh5 34. gxh5 Kg8 35. b4 axb4 36. axb4 Kh7 37. Rb7 Kh6 38. Rb8 Rxb8 39. Bxb8 Kxh5 40. Ke5 Kg5 41. Kd6 Kf5 42. Ke7 f6 43. Kd8 Ke4 44. Ba7 Bh3 45. b5 Bf1 46. b6 Ba6 47. Ke7 f5 48. b7 Bxb7 49. Bb8 Kxd4 0-1